Řízení výroby v podmínkách supply chains

Charakteristické rysy dodávateľských reťazcov Odlišnosti dodávateľských a tradičných logistických reťazcov. Požiadavky na riadenie výroby v dodávateľských reťazcoch.

Guardado en:
Detalles Bibliográficos
Autor principal: Gros, Ivan
Otros Autores: Grosová, Stanislava
Formato: Capítulo de libro
Lenguaje:checo
Materias:
Etiquetas: Agregar Etiqueta
Sin Etiquetas, Sea el primero en etiquetar este registro!

MARC

LEADER 00000naa$a2200000$$$4500
001 0015106
005 20221128113036.1
041 0 |a cze 
044 |a SK 
245 1 0 |a Řízení výroby v podmínkách supply chains  |c aut. Ivan Gros, Stanislava Grosová 
520 |a Charakteristické rysy dodávateľských reťazcov Odlišnosti dodávateľských a tradičných logistických reťazcov. Požiadavky na riadenie výroby v dodávateľských reťazcoch. 
610 2 0 |a manažment 
610 2 0 |a podnik 
610 2 0 |a riadenie výroby 
610 2 0 |a reťazce dodávateľsko-odberateľské 
610 2 0 |a reťazce logistické 
100 1 |a Gros, Ivan 
700 1 |a Grosová, Stanislava